03223cam a2200445 a 4500001001300000005001700013006001900030007001500049008004100064020003200105020002900137020001800166020001500184020003700199020003700236040001200273041000800285082001500293100001800308245002400326250001200350260004700362300008900409338002000498504006700518505061800585505003601203520121401239650002402453650006202477650005502539650005002594700001802644852000702662856006102669904001202730905001302742942000702755999001502762ocn15701026520250205130737.0m o d cr cn|||||||||070727s2001 maua ob 001 0 eng d a9780080523385q(electronic) a0080523382q(electronic) a9780750653985 a0750653981 z0750653965q(v. 1 ;qalk. paper) z0750653973q(v. 2 ;qalk. paper) aKObeng0 aeng04a623.812221 aRawson, K. J.10aBasic ship theory / a5th ed. aBoston :bButterworth-Heinemann,c�2001. a1 online resource (xxviii, 727 pages) :billustrations : digital, HTML and PDF files aonline resource aIncludes bibliographical references (pages 705-708) and index.0 aCONTENTS OF VOLUME 1: Foreword; Acknowledgements; Introduction; Symbols and Nomenclature; Art or Science?; Some tools; Flotation and Trim; Stability; Hazards and Protection; The Ship Girder; Structural Design and Analysis; Launching and Docking; The Ship Environment and Human Factors; Answers to problems; Index. -- CONTENTS OF VOLUME 2: Acknowledgements; Introduction; Symbols and Nomenclature; Powering of Ships: general principles; Powering of Ships: application; Seakeeping; Manoevrability; Major Ship Design Features; Ship Design; Particular Ship Types; Fishing Vehicles; Yachts; Answers to problems; Index.1 av. 2. Ship dynamics and design. aRawson and Tupper's Basic Ship Theory, first published in 1968, is widely known as the standard introductory text for naval architecture students, as well as being a useful reference for the more experienced designer. The fifth edition continues to provide a balance between theory and practice. Volume 1 discusses ship geometry and measurement in its more basic concepts, also covering safety issues, structural strength, flotation, trim and stability. Volume 2 expands on the material in Volume 1, covering the dynamics behaviour of marine vehicles, hydrodynamics, manoeuvrability and seakeeping. It concludes with some case studies of particular ship types and a discussion of maritime design. Both volumes feature the importance of considering the environment in design. Basic Ship Theory is an essential tool for undergraduates and national vocational students of naval architecture, maritime studies, ocean and offshore engineering, and this combined hardback version will be of great assistance to practising marine engineers and naval architects. Brand new edition of the leading undergraduate textbook in Naval Architecture. Provides a basis for more advanced theory. Over 500 examples, with answers. 0aNaval architecture. 7aTRANSPORTATIONxShips & ShipbuildingxPictorial.2bisacsh 7aTECHNOLOGY & ENGINEERINGxMarine & Naval.2bisacsh 7aNaval architecture.2fast0(OCoLC)fst010349171 aTupper, E. C. aKO uhttps://www.sciencedirect.com/science/book/9780750653985 aRUDRA_R aR_RANJAN cEB c3328d3328